000 00569nam a2200193Ia 4500
003 GCL
008 140319s9999 xx 000 0 ara d
040 _aGCL /
_cGCL
082 0 4 _a338.9
_bد م
100 1 _aدورين، ايفان
245 1 0 _aمشاكل فى التخطيط الاقتصادى /
_cدورين، ايفان
700 1 _aاحمد رضوان عزالدين
300 _a316 ص
490 _a
650 0 4 _aالتخطيط الاقتصادى
650 0 4 _aالاشتراكية
650 0 4 _aالتنمية الاقتصادية
942 _2ddc
_cBK
999 _c42656
_d42656